Statistiques concernant Les parcours Golf With Your Friends

Cliquez ici pour prendre le quiz!

Statistiques générales

  • Ce quiz a été pris 5 fois
  • Le résultat moyen est 10 sur 16

Statistiques - réponses

Réponse% Correct
Forêt
100%
Worms
100%
Antique
67%
Château Gonflable
67%
Crépuscule
67%
Hanté
67%
Les Profondeurs
67%
Musée
67%
Oasis
67%
Pays des Bonbons
67%
Station Spatiale
67%
The Escapists
67%
Volcan
67%
Crique des Pirates
33%
Forêt Corrompue
0%
Pinède Paisible
0%

Distribution des résultats

Percentile par nombre de réponses

% des personnes avec chaque résultat

Votre développement - résultats

Vous n’avez pas pris ce quiz